000 00644nam a22002177a 4500
999 _c14082
_d14082
003 AR-CdUCM
008 190422b ||||| |||| 00| 0 spa d
040 _aMUNICIPALIDAD PROVINCIAL DEL CUSCO
_cBIBLIOTECA MUNICIPAL DEL CUSCO
082 _a808 /
_bC31
100 _aCartaƱa, Luis
_925443
245 _aSobre la musica /
260 _aVelez :
_bMayaguez,
_c1981.
300 _a82 paginas ;
_bilustraciones,
_c21 cm.
500 _aDedicatoria a Luis Nieto
650 _aHistoria
_9136
650 _aLiteratura
_983
650 _aMusica
_91443
700 _aCartagena Wong, Manuel
_932753
942 _2ddc
_cLIBROS
945 _apjha
_d2019-04-22